| 000 | 01427nam a2200301 i 4500 | ||
|---|---|---|---|
| 001 | 183529 | ||
| 003 | ES-MaACL | ||
| 005 | 20231106100015.0 | ||
| 008 | 140715s2013 ch |||| | spa d | ||
| 020 | _a978-986-89433-2-2 | ||
| 080 | _a821.134.2:510 | ||
| 100 | 1 |
_aBayo, Manuel. _926695 |
|
| 245 | 1 | 0 |
_aChina en la literatura hispánica / _cManuel Bayo ; edición, José Ramos ; prólogo, José Ramón Álvarez. |
| 250 | _a1ª ed. | ||
| 260 |
_aTaichung (Taiwan) : _bCatay, _c2013. |
||
| 300 |
_a481 p. ; _c21 cm. |
||
| 490 | 1 | _aReencuentros en Catay | |
| 505 | 8 |
_aContiene reseñas de: ; _tEl embrujo de Shanghai / _rJuan Marsé. -- _tEn el país de las colinas de arena / _rFernando de Trazegnies. -- _tEl amuleto de bronce: la epopeya de Gengis Kan / _rJosé Luis Corral Lafuente. -- _tEnseñanzas apócrifas: el libro del señor de Wu / _rRodolfo Modern. -- _tHija de la fortuna / _rIsabel Allende. -- _tRetrato en sepia / _rIsabel Allende |
|
| 650 | 4 |
_aLiteratura española- _yS.XX- _xHistoria y crítica. _9141686 |
|
| 650 | 0 | 4 |
_aLiteratura hispanoamericana- _xHistoria y crítica. _914606 |
| 651 | 4 |
_aChina- _xEn la literatura. _9154959 |
|
| 700 | 1 |
_aRamos, José. _995264 |
|
| 700 | 1 |
_aÁlvarez, José Ramón. _9154960 |
|
| 830 | 0 |
_aReencuentros en Catay _9224993 |
|
| 852 |
_aES-MaACL _jA-13139 _9190470 _bR.150196 _cDEPO1 _dOlim: N-6139 |
||
| 942 |
_2udc _cMONOGRAFIA _n0 |
||
| 999 |
_c183529 _d183529 |
||